| 000 -LEADER |
| fixed length control field |
00786nam a22002297a 4500 |
| 003 - CONTROL NUMBER IDENTIFIER |
| control field |
OSt |
| 005 - DATE AND TIME OF LATEST TRANSACTION |
| control field |
20180716103044.0 |
| 008 - FIXED-LENGTH DATA ELEMENTS--GENERAL INFORMATION |
| fixed length control field |
180305b xxu||||| |||| 00| 0 spa d |
| 020 ## - INTERNATIONAL STANDARD BOOK NUMBER |
| International Standard Book Number |
9505360460 |
| 040 ## - CATALOGING SOURCE |
| Transcribing agency |
PJ |
| 100 ## - ASIENTO PRINCIPAL - NOMBRE DE PERSONA |
| 9 (RLIN) |
1376 |
| Personal name |
Capón Filas, Rodolfo E. |
| 245 10 - MENCIÓN DE TÍTULO |
| Título propiamente dicho |
Ley de empleo / |
| Mención de responsabilidad, etc |
Rodolfo E. Capón Filas. |
| 260 ## - PUBLICATION, DISTRIBUTION, ETC. (IMPRINT) |
| Place of publication, distribution, etc |
La Plata : |
| Name of publisher, distributor, etc |
Lep, |
| Date of publication, distribution, etc |
1992. |
| 300 ## - DESCRIPCION FISICA |
| Extent |
257 p. |
| Dimensions |
23 cm. |
| 505 ## - FORMATTED CONTENTS NOTE |
| Formatted contents note |
Contenido:<br/>Análisis práctico de la ley 24.013 y decretos reglamentarios.<br/>Valoración constitucional.<br/>Ubicación en el Mercosur.<br/>Derecho comparado. |
| 650 #0 - ASIENTO SECUNDARIO DE MATERIA - TERMINO TEMATICO |
| 9 (RLIN) |
1316 |
| Topical term or geographic name as entry element |
DERECHO LABORAL |
| 650 #0 - ASIENTO SECUNDARIO DE MATERIA - TERMINO TEMATICO |
| 9 (RLIN) |
1374 |
| Topical term or geographic name as entry element |
LEY DE EMPLEO |
| 651 #0 - SUBJECT ADDED ENTRY--GEOGRAPHIC NAME |
| 9 (RLIN) |
232 |
| Geographic name |
ARGENTINA |
| 653 ## - INDEX TERM--UNCONTROLLED |
| Uncontrolled term |
LEY 24.013 |
| 710 ## - ASIENTO SECUNDARIO - NOMBRE CORPORATIVO |
| Corporate name or jurisdiction name as entry element |
Argentina. Leyes, decretos, etc. Ley nº 24.013 |
| 942 ## - ADDED ENTRY ELEMENTS (KOHA) |
| Source of classification or shelving scheme |
|
| Koha item type |
Libros |
| Classification part |
349.22 |
| Item part |
CAP |